<?xml version="1.0" encoding="UTF-8"?>
<record
    xmlns:xsi="http://www.w3.org/2001/XMLSchema-instance"
    xsi:schemaLocation="http://www.loc.gov/MARC21/slim http://www.loc.gov/standards/marcxml/schema/MARC21slim.xsd"
    xmlns="http://www.loc.gov/MARC21/slim">

  <leader>00536nam a22001937a 4500</leader>
  <controlfield tag="003">KOHA_M&#x130;RAKIL</controlfield>
  <controlfield tag="005">20240930101038.0</controlfield>
  <controlfield tag="008">240929b2022    tu ||||| |||| 00| 0 tur d</controlfield>
  <datafield tag="020" ind1=" " ind2=" ">
    <subfield code="a">9786053161745</subfield>
  </datafield>
  <datafield tag="040" ind1=" " ind2=" ">
    <subfield code="a">TR-AnABB</subfield>
    <subfield code="b">tur</subfield>
    <subfield code="c">TR-AnABB</subfield>
  </datafield>
  <datafield tag="041" ind1=" " ind2=" ">
    <subfield code="a">tur</subfield>
  </datafield>
  <datafield tag="082" ind1=" " ind2=" ">
    <subfield code="a">813.42</subfield>
    <subfield code="b">DEV 2022</subfield>
  </datafield>
  <datafield tag="100" ind1=" " ind2=" ">
    <subfield code="a">Devecio&#x11F;lu, Ay&#x15F;eg&#xFC;l.</subfield>
  </datafield>
  <datafield tag="245" ind1=" " ind2="0">
    <subfield code="a">G&#xFC;zel &#xF6;l&#xFC;m&#xFC;n &#xF6;yk&#xFC;s&#xFC; /</subfield>
    <subfield code="c">Ay&#x15F;eg&#xFC;l Devecio&#x11F;lu.</subfield>
  </datafield>
  <datafield tag="260" ind1=" " ind2=" ">
    <subfield code="a">&#x130;stanbul :</subfield>
    <subfield code="b">Metis,</subfield>
    <subfield code="c">2022.</subfield>
  </datafield>
  <datafield tag="300" ind1=" " ind2=" ">
    <subfield code="a">119 sayfa ;</subfield>
    <subfield code="c">16 cm.</subfield>
  </datafield>
  <datafield tag="650" ind1=" " ind2=" ">
    <subfield code="a">T&#xFC;rk edebiyat&#x131;, roman</subfield>
  </datafield>
  <datafield tag="942" ind1=" " ind2=" ">
    <subfield code="2">ddc</subfield>
    <subfield code="c">BK</subfield>
  </datafield>
  <datafield tag="952" ind1=" " ind2=" ">
    <subfield code="0">0</subfield>
    <subfield code="1">0</subfield>
    <subfield code="2">ddc</subfield>
    <subfield code="7">0</subfield>
    <subfield code="a">KOL</subfield>
    <subfield code="b">KOL</subfield>
    <subfield code="d">2024-09-29</subfield>
    <subfield code="e">SATIN</subfield>
    <subfield code="l">0</subfield>
    <subfield code="o">813.42 DEV 2022</subfield>
    <subfield code="p">ABB104216</subfield>
    <subfield code="r">2024-09-30 10:10:38</subfield>
    <subfield code="w">2024-09-30</subfield>
    <subfield code="y">BK</subfield>
  </datafield>
  <datafield tag="952" ind1=" " ind2=" ">
    <subfield code="0">0</subfield>
    <subfield code="1">0</subfield>
    <subfield code="2">ddc</subfield>
    <subfield code="7">0</subfield>
    <subfield code="a">BAT</subfield>
    <subfield code="b">BAT</subfield>
    <subfield code="d">2025-04-28</subfield>
    <subfield code="l">0</subfield>
    <subfield code="o">813.42 DEV 2022</subfield>
    <subfield code="p">ABB124291</subfield>
    <subfield code="r">2025-04-28 15:40:06</subfield>
    <subfield code="w">2025-04-28</subfield>
    <subfield code="y">BK</subfield>
  </datafield>
  <datafield tag="999" ind1=" " ind2=" ">
    <subfield code="c">3206</subfield>
    <subfield code="d">3206</subfield>
  </datafield>
</record>
